| 000 -CABECERA |
| campo de control de longitud fija |
00663nam a2200205 a 4500 |
| 001 - NÚMERO DE CONTROL |
| campo de control |
000021568 |
| 005 - FECHA Y HORA DE LA ÚLTIMA TRANSACCIÓN |
| campo de control |
20200120222048.0 |
| 008 - DATOS DE LONGITUD FIJA--INFORMACIÓN GENERAL |
| campo de control de longitud fija |
020725s1992 ck d gr 000 0 spa d |
| 020 ## - NÚMERO INTERNACIONAL ESTÁNDAR DEL LIBRO |
| Número Internacional Estándar del Libro |
9583300039 |
| 082 04 - NÚMERO DE LA CLASIFICACIÓN DECIMAL DEWEY |
| Número de clasificación |
928.61 |
| Número de documento/Ítem |
S15j 1992 |
| 100 0# - ENTRADA PRINCIPAL--NOMBRE DE PERSONA |
| Nombre de persona |
Santos Molano, Enrique |
| 245 13 - MENCIÓN DE TÍTULO |
| Título |
El corazón del poeta : |
| Resto del título |
los sucesos reveladores de la vida y la verdad inesperada de la muerte de José Asunción Silva / Enrique Santos Molano. |
| 260 ## - PUBLICACIÓN, DISTRIBUCIÓN, ETC. |
| Lugar de publicación, distribución, etc. |
Bogotá : |
| Nombre del editor, distribuidor, etc. |
Nuevo rumbo, |
| Fecha de publicación, distribución, etc. |
1992. |
| 300 ## - DESCRIPCIÓN FÍSICA |
| Extensión |
920p. |
| 500 ## - NOTA GENERAL |
| Nota general |
Bibliografía p. 907-920 |
| 600 ## - PUNTO DE ACCESO ADICIONAL DE MATERIA--NOMBRE DE PERSONA |
| Nombre de persona |
SIlva, Jose Asuncion |
| Término indicativo de función/relación |
1865-1896 |
| 650 14 - PUNTO DE ACCESO ADICIONAL DE MATERIA--TÉRMINO DE MATERIA |
| Término de materia o nombre geográfico como elemento de entrada |
Muerte |
| 650 24 - PUNTO DE ACCESO ADICIONAL DE MATERIA--TÉRMINO DE MATERIA |
| Término de materia o nombre geográfico como elemento de entrada |
Cronología |
| 650 24 - PUNTO DE ACCESO ADICIONAL DE MATERIA--TÉRMINO DE MATERIA |
| Término de materia o nombre geográfico como elemento de entrada |
Poetas Colombianos |